[Event "SLO-ch blind"]
[Site "Okroglo"]
[Date "2008.04.30"]
[Round "7"]
[White "Sajn, Drago"]
[Black "Novak, Ivan1"]
[Result "1-0"]
[WhiteElo "1665"]
[BlackElo "1500"]
[PlyCount "131"]
[EventDate "2008.04.26"]
[EventType "swiss"]
[EventRounds "9"]
[EventCountry "SLO"]
[SourceTitle "EXT 2010"]
[Source "ChessBase"]
[SourceDate "2010.11.25"]
[SourceVersion "1"]
[SourceVersionDate "2010.11.25"]
[SourceQuality "1"]

1. e4 e5 2. Nf3 Nf6 3. d3 Nc6 4. g3 d6 5. Bg2 Bg4 6. Nbd2 Qd7 7. 0-0 Bh3 8. c3 Qg4 9. Qb3 0-0-0 10. Qxf7 Be7 11. Nh4 Rhf8 12. Qb3 Bxg2 13. Kxg2 g6 14. Nc4 Nh5 15. Bh6 Rg8 16. Nf3 Nf4+ 17. Kg1 Nh3+ 18. Kg2 Nf4+ 19. Bxf4 exf4 20. h3 Qh5 21. g4 Qh6 22. Rh1 Ne5 23. Ncxe5 dxe5 24. Nxe5 Qh4 25. d4 Rdf8 26. Nf3 Qh6 27. Qe6+ Kb8 28. Qxe7 Re8 29. Qf7 Rgf8 30. Qd5 c6 31. Qd6+ Ka8 32. e5 Rd8 33. Qe7 Rfe8 34. Qh4 Qg7 35. Ng5 h6 36. Ne4 Qf8 37. f3 g5 38. Qh5 Qh8 39. Qf7 Rf8 40. Qc7 Qg8 41. Nd6 Rb8 42. a4 Qg6 43. Ne4 Qe6 44. Nd2 Qg6 45. Ne4 Qe6 46. b4 Qc4 47. Rhe1 Qd3 48. Ra2 Rbc8 49. Qd6 Qc4 50. Rea1 Rh8 51. Qc5 Qd3 52. Qe7 Qc4 53. a5 Rce8 54. Qc5 Qd3 55. Rd2 Qa6 56. c4 b6 57. b5 cxb5 58. cxb5 bxc5 59. bxa6 cxd4 60. Rxd4 Rxe5 61. Rad1 Ree8 62. Rd7 Rb8 63. Nf6 Rhc8 64. Nd5 Rc2+ 65. Kf1 Re8 66. Rb7 1-0

[Event "SLO-ch blind"]
[Site "Okroglo"]
[Date "2008.04.27"]
[Round "3"]
[White "Cuckovic, Valter"]
[Black "Sajn, Drago"]
[Result "1/2-1/2"]
[WhiteElo "1551"]
[BlackElo "1665"]
[PlyCount "53"]
[EventDate "2008.04.26"]
[EventType "swiss"]
[EventRounds "9"]
[EventCountry "SLO"]
[SourceTitle "EXT 2010"]
[Source "ChessBase"]
[SourceDate "2010.11.25"]
[SourceVersion "1"]
[SourceVersionDate "2010.11.25"]
[SourceQuality "1"]

1. e4 e5 2. Nf3 d6 3. d4 exd4 4. Nxd4 Nf6 5. Bg5 Be7 6. Bxf6 Bxf6 7. c3 0-0 8. Be2 Re8 9. Nd2 Nd7 10. 0-0 Nc5 11. Bf3 c6 12. N4b3 Nd3 13. Qc2 Ne5 14. Rfe1 Qb6 15. Nd4 Ng6 16. Nf5 Bxf5 17. exf5 Ne5 18. Be2 d5 19. Nf3 Ng4 20. Bd3 d4 21. cxd4 Bxd4 22. Nxd4 Qxd4 23. h3 Nf6 24. Rad1 Qb4 25. Rxe8+ Rxe8 26. Qd2 Qb6 27. b3 1/2-1/2

[Event "SLO-ch blind"]
[Site "Okroglo"]
[Date "2004.05.02"]
[Round "9"]
[White "Potocnik, Janez"]
[Black "Sajn, Drago"]
[Result "0-1"]
[WhiteElo "1553"]
[BlackElo "1600"]
[PlyCount "66"]
[EventDate "2004.04.26"]
[EventType "swiss"]
[EventRounds "9"]
[EventCountry "SLO"]
[SourceTitle "EXT 2009"]
[Source "ChessBase"]
[SourceDate "2008.11.26"]
[SourceVersion "1"]
[SourceVersionDate "2008.11.26"]
[SourceQuality "1"]

1. e4 e5 2. g3 Nf6 3. Bg2 Bc5 4. Ne2 Nc6 5. 0-0 d6 6. c3 Bg4 7. Re1 d5 8. Qc2 0-0 9. exd5 Nxd5 10. Qe4 Nf6 11. Qc4 Qd6 12. b4 Bb6 13. Qb3 Rab8 14. Qc2 Rfd8 15. Kf1 Bh5 16. h3 a5 17. a3 Ne7 18. Qb2 Ned5 19. d4 axb4 20. axb4 Bxe2+ 21. Qxe2 exd4 22. cxd4 Bxd4 23. Ra2 Qxb4 24. Bxd5 Nxd5 25. Ba3 Qb6 26. Rd2 c5 27. Red1 Re8 28. Qd3 Rbd8 29. Rc2 Nb4 30. Bxb4 Qxb4 31. Nc3 Qb6 32. Na4 Qc6 33. Qc4 Qh1# 0-1

[Event "SLO-ch blind"]
[Site "Okroglo"]
[Date "2004.05.01"]
[Round "7"]
[White "Sajn, Drago"]
[Black "Grbec, Joze"]
[Result "1-0"]
[WhiteElo "1600"]
[BlackElo "1735"]
[PlyCount "41"]
[EventDate "2004.04.26"]
[EventType "swiss"]
[EventRounds "9"]
[EventCountry "SLO"]
[SourceTitle "EXT 2009"]
[Source "ChessBase"]
[SourceDate "2008.11.26"]
[SourceVersion "1"]
[SourceVersionDate "2008.11.26"]
[SourceQuality "1"]

1. e4 e5 2. Nf3 Nc6 3. Bb5 Nge7 4. Nc3 a6 5. Bc4 h6 6. h3 d6 7. a3 f5 8. exf5 Nxf5 9. d3 Nfe7 10. Be3 Bf5 11. Qd2 Qd7 12. Nh4 Bh7 13. 0-0-0 0-0-0 14. Rhe1 d5 15. Bb3 e4 16. dxe4 dxe4 17. Qxd7+ Rxd7 18. Be6 Ne5 19. Bf4 N7c6 20. Nxe4 g5 21. Bxe5 1-0

[Event "SLO-ch blind"]
[Site "Okroglo"]
[Date "2004.04.29"]
[Round "5"]
[White "Sajn, Drago"]
[Black "Ulaga, Karel"]
[Result "1/2-1/2"]
[WhiteElo "1600"]
[BlackElo "1775"]
[PlyCount "64"]
[EventDate "2004.04.26"]
[EventType "swiss"]
[EventRounds "9"]
[EventCountry "SLO"]
[SourceTitle "EXT 2009"]
[Source "ChessBase"]
[SourceDate "2008.11.26"]
[SourceVersion "1"]
[SourceVersionDate "2008.11.26"]
[SourceQuality "1"]

1. e4 e6 2. Nf3 Nc6 3. Bb5 a6 4. Bxc6 dxc6 5. a3 Nf6 6. Nc3 Be7 7. d3 0-0 8. 0-0 b5 9. Ne2 Bb7 10. Ned4 c5 11. Nb3 c6 12. Qe2 Qc7 13. Bg5 h6 14. Bh4 a5 15. c3 g5 16. Bg3 Qb6 17. Nbd2 Qd8 18. h3 Nh7 19. Ne5 Kg7 20. Ndf3 f6 21. Ng4 e5 22. Ne3 Kg6 23. Nh2 Qd7 24. Rad1 Rad8 25. h4 Bc8 26. h5+ Kf7 27. Nhg4 Rh8 28. Qf3 Ke8 29. Nxh6 Bf8 30. Nhg4 Qf7 31. Nh2 Be7 32. c4 Nf8 1/2-1/2